all countries who have ever bordered Germany - Statistics

General Stats
  • This quiz has been taken 40 times
  • The average score is 50 of 61
Answer Stats
Year German Country Answer % Correct
1871-1918 German Empire France
100%
1918-1933 Wiemar Republic France
100%
1933-1940 Third Reich France
100%
1949- West Germany/Germany France
100%
1871-1918 German Empire Belgium
97%
1918-1933 Wiemar Republic Belgium
97%
1933-1940 Third Reich Belgium
97%
1871-1914 German Empire Luxembourg
97%
1918-1933 Wiemar Republic Luxembourg
97%
1933-1940 Third Reich Luxembourg
97%
1949- West Germany/Germany Luxembourg
97%
1871-1918 German Empire Netherlands
97%
1918-1933 Wiemar Republic Netherlands
97%
1933-1940 Third Reich Netherlands
97%
1949- West Germany/Germany Netherlands
97%
1918-1933 Wiemar Republic Poland
97%
1933-1939 Third Reich Poland
97%
1990- West Germany/Germany Poland
97%
1949-1990 East Germany Poland
97%
1871-1918 German Empire Switzerland
97%
1918-1933 Wiemar Republic Switzerland
97%
1933-1945 Third Reich Switzerland
97%
1949- West Germany/Germany Switzerland
97%
1918-1933 Wiemar Republic Austria
95%
1933-1939 Third Reich Austria
95%
1955- West Germany/Germany Austria
95%
1871-1918 German Empire Austria-Hungary
95%
1884-1915 German Empire United Kingdom
95%
1871-1918 German Empire Denmark
92%
1918-1933 Wiemar Republic Denmark
92%
1933-1939 Third Reich Denmark
92%
1949- West Germany/Germany Denmark
92%
1940-1945 Third Reich Finland
89%
1939-1945 Third Reich Hungary
89%
1940-1945 Third Reich Sweden
89%
1939-1945 Third Reich Soviet Union
87%
1949-1949 West Germany/Germany Soviet Union
87%
1918-1933 Wiemar Republic Czechoslovakia
84%
1933-1939 Third Reich Czechoslovakia
84%
1949-1991 West Germany/Germany Czechoslovakia
84%
1949-1990 East Germany Czechoslovakia
84%
1940-1945 Third Reich Spain
84%
1939-1941 Third Reich Yugoslavia
84%
1991- West Germany/Germany Czechia
79%
1941-1945 Third Reich Romania
76%
1949-1990 West Germany/Germany East Germany
74%
1918-1933 Wiemar Republic Lithuania
74%
1933-1940 Third Reich Lithuania
74%
1940-1940 Third Reich Norway
74%
1941-1945 Third Reich Bulgaria
68%
1939-1945 Third Reich Slovakia
66%
1949-1955 West Germany/Germany United States
66%
1885-1915 German Empire Portugal
63%
1949-1990 East Germany West Germany
61%
1941-1945 Third Reich Croatia
55%
1871-1918 German Empire Russian Empire
50%
1918-1933 Wiemar Republic Danzig
34%
1933-1939 Third Reich Danzig
34%
1940-1945 Third Reich Vichy France
18%
1939-1945 Third Reich Kingdom of Italy
13%
1939-1945 Third Reich Lichtenstein
11%
No matching quizzes found
Score Distribution
Percent of People with Each Score
Percentile by Number Answered
Your Score History
You have not taken this quiz